| 000 | 00505nam a2200181Ia 4500 | ||
|---|---|---|---|
| 003 | IN-BaIIA | ||
| 008 | 211028s9999 xx 000 0 eng d | ||
| 040 | _cIIA Library | ||
| 080 |
_a624 _bKOC-I |
||
| 100 |
_aKochher, C. L _99557 |
||
| 245 | 0 |
_aSurveying-I _cC. L. Kochher |
|
| 250 | _a4th ed. | ||
| 260 |
_aLudhiana _bKatson Publishing House _c1974 |
||
| 300 | _axiv, 278p. | ||
| 650 |
_aCivil engineering _95496 |
||
| 650 | _aNASA thesaurus | ||
| 942 | _cBK | ||
| 999 |
_c5503 _d5503 |
||